000 00739nam a2200193 a 4500
001 000040450
005 20201002034134.0
008 130802s2007 mx 000 0 spa d
020 _a9789703247677
040 _aDO-SdBNP
_bspa
_cBNPHU
100 1 _aPérez Martínez, Héctor,
_966747
245 1 0 _aFacundo en su laberinto :
_bnotas para un ensayo sobre La linterna mágica /
_cHéctor Pérez Martínez ; presentación de Silvia Molina.
260 _aMéxico :
_bUniversidad Nacional Autónoma de México,
_c2007.
300 _a47 p. ;
_c16 cm.
490 1 _aPequeños grandes ensayos
_v49
700 1 _aMolina, Silvia
_966748
710 2 _aUniversidad Nacional Autónoma de México
_942447
830 0 _aPequeños grandes ensayos
_v49
_966274
999 _c39940
_d39940